000 00499nam a2200181Ia 4500
003 OSt
005 20260105140741.0
008 210210b1958 xxu||||| |||| 00| 0 eng d
040 _cAL
041 _aKannada
082 _a859/1699
100 _aVITTALA SHENAI (H)
_9156340
_dವಿಠಲ್ ಶೆಣೈ (ಎಚ್)
245 _aSuvarna pravaha:
_bಸುವರ್ಣ ಪ್ರವಾಹ
260 _aDa Ka
_b-
_c1958
690 _aKannada Fiction
_9156341
906 _a022420
942 _2ddc
_cBK
999 _c146824
_d146824